000 00464nam a2200181Ia 4500
008 231217s9999 xx 000 0 und d
020 _a8178813696
041 _aEnglish
082 _a330.9 CHO;1 R
100 _aChowdary, Nagendra V ed.
245 0 _aGlobal economic crisis : an introduction
250 _a1st ed.
260 _c2004
_bICFAI Press
_aHyderabad
300 _axv, 209
500 _aContent page available
650 _aICFAI
942 _cAA
999 _c181408
_d181408